| 000 | 00357nam a22001457a 4500 | ||
|---|---|---|---|
| 020 | _a9780470072929 | ||
| 082 | _a621.381 RAZ | ||
| 100 | _aRazavi, Behzad | ||
| 245 | _aFundamentals of Microelectronics | ||
| 260 |
_aUSA _bJohn Wiley & Sons, Inc. _c2006 |
||
| 300 | _axxviii, 767 p. | ||
| 500 | _aIncludes index | ||
| 650 | _a Microelectronics | ||
| 942 | _cBK | ||
| 999 |
_c13320 _d13320 |
||